Statistics for Pokémon Types

Click here to take the quiz!

General Stats

  • This quiz has been taken 111,391 times
    (106,991 since last reset)
  • The average score is 15 of 18

Answer Stats

PokemonType% Correct
MudkipWater
98%
PikachuElectric
97%
MagbyFire
97%
GeodudeRock
91%
CarnivineGrass
87%
UmbreonDark
85%
MachopFighting
84%
GroudonGround
84%
MukPoison
82%
TornadusFlying
81%
HappinyNormal
80%
WurmpleBug
79%
MismagiusGhost
77%
SnoruntIce
76%
SkarmorySteel
76%
DuosionPsychic
75%
SylveonFairy
75%
ZekromDragon
72%

Score Distribution

Percentile by Number Answered

Percent of People with Each Score

Your Score History

You have not taken this quiz since the last reset